000 00408cam a2200169 4500
001 D12652
008 090401t xxu||||| |||| 00| 0 eng d
035 _a(Sirsi) u4968
041 _aeng
100 _aDowson, Ernest
_cSir
245 _aLand registration Part 1: principles and practice
260 _aLondon
_bColonial Office
_cnd
350 _a0
520 _aShelf 115
942 _n0
948 _c04/03/1997
999 _c86095
_d86095